000
00313nam a22001337a 4500
020
_a
978-0-141-32630-6
082
_a
823
_b
DAH/M
100
_a
ROALD DAHL
245
_a
THE MAGIC FINGER
260
_a
UNITED KINGDOM
_b
PUFFIN BOOKS
_c
2010
300
_a
57
650
_a
CHILDREN'S STORY BOOK
_z
UNITED KINGDOM
942
_c
BK
999
_c
37
_d
37